Estatutos de la organización provincial de inválidos civiles y del trabajo. (Record no. 61298)

MARC details
000 -LEADER
campo de control de longitud fija 00433nam a2200145 i 4500
001 - NÚMERO DE CONTROL
campo de control 61298
003 - IDENTIFICADOR DE NÚMERO DE CONTROL
campo de control ES-MaACL
005 - FECHA Y HORA DE LA ÚLTIMA TRANSACCIÓN
campo de control 20230906164425.0
007 - CAMPO FIJO DE DESCRIPCIÓN FÍSICA--INFORMACIÓN GENERAL
campo de control de longitud fija t|
008 - DATOS DE LONGITUD FIJA--INFORMACIÓN GENERAL
campo de control de longitud fija 031111s1958 sp ||||1| spa d
245 00 - MENCIÓN DEL TÍTULO
Título Estatutos de la organización provincial de inválidos civiles y del trabajo.
260 ## - PUBLICACIÓN, DISTRIBUCIÓN, ETC.
Lugar de publicación, distribución, etc. [S.l. :
Nombre del editor, distribuidor, etc. s.n.,
Fecha de publicación, distribución, etc. 1958] (
Lugar de fabricación/manufactura Castellón :
Fabricante Imp. S.O.S)
300 ## - DESCRIPCIÓN FÍSICA
Extensión 8 h. ;
Dimensiones 32 cm.
852 ## - LOCALIZACIÓN
Ubicación ES-MaACL
Número de control de estantería 2007-F-17
Sublocalización o colección R.42545
Holdings
Estatus retirado Estado de pérdida Estado de daño No para préstamo Colección Biblioteca de origen Biblioteca actual Ubicación en estantería Fecha de adquisición Fuente de adquisición Total de préstamos Signatura topográfica completa Código de barras Visto por última vez Precio de reemplazo Tipo de ítem Koha
        Colección de folletos Biblioteca del Ateneo de Madrid Biblioteca del Ateneo de Madrid Depósito folletos 17/01/2008     2007-F-17 1064280 23/02/2023 23/02/2023 Folleto